<?xml version="1.0" encoding="UTF-8"?>
<record
    xmlns:xsi="http://www.w3.org/2001/XMLSchema-instance"
    xsi:schemaLocation="http://www.loc.gov/MARC21/slim http://www.loc.gov/standards/marcxml/schema/MARC21slim.xsd"
    xmlns="http://www.loc.gov/MARC21/slim">

  <leader>01531nam a2200301Ia 4500</leader>
  <controlfield tag="008">240205s2023    sp            000 0 spa d</controlfield>
  <datafield tag="020" ind1=" " ind2=" ">
    <subfield code="a">978-84-19574-10-7</subfield>
  </datafield>
  <datafield tag="041" ind1=" " ind2=" ">
    <subfield code="a">spa</subfield>
  </datafield>
  <datafield tag="243" ind1="0" ind2=" ">
    <subfield code="a">Leyes, etc., igualdad</subfield>
  </datafield>
  <datafield tag="245" ind1="0" ind2="0">
    <subfield code="a">Ley Org&#xE1;nica 3/2007 de 22 de marzo para la igualdad efectiva de mujeres y hombres ; Ley Org&#xE1;nica 1/2004, de 28 de diciembre, de Medidas de Protecci&#xF3;n Integral contra la Violencia de G&#xE9;nero ; Real Decreto 901/2020, de 13 de octubre, por el que se regulan los planes de igualdad y su registro y se modifica el Real Decreto 713/2010, de 28 de mayo, sobre registro y dep&#xF3;sito de convenios y acuerdos colectivos de trabajo ; Real Decreto 902/2020, de 13 de octubre, de igualdad retributiva entre mujeres y hombres</subfield>
  </datafield>
  <datafield tag="260" ind1=" " ind2=" ">
    <subfield code="a">Albacete :</subfield>
    <subfield code="b">Bomarzo,</subfield>
    <subfield code="c">2023</subfield>
  </datafield>
  <datafield tag="300" ind1=" " ind2=" ">
    <subfield code="a">128 p.  ;</subfield>
    <subfield code="c">24 cm</subfield>
  </datafield>
  <datafield tag="490" ind1=" " ind2=" ">
    <subfield code="a">Textos legales</subfield>
  </datafield>
  <datafield tag="500" ind1=" " ind2=" ">
    <subfield code="a">Adem&#xE1;s en la cubierta: CCOO, Servicios a la Ciudadan&#xED;a</subfield>
  </datafield>
  <datafield tag="650" ind1=" " ind2=" ">
    <subfield code="a">MUJERES</subfield>
    <subfield code="9">199</subfield>
  </datafield>
  <datafield tag="650" ind1=" " ind2="0">
    <subfield code="a">IGUALDAD DE DERECHOS</subfield>
    <subfield code="9">1832</subfield>
  </datafield>
  <datafield tag="650" ind1=" " ind2="0">
    <subfield code="a">IGUALDAD DE GENERO</subfield>
    <subfield code="9">5513</subfield>
  </datafield>
  <datafield tag="650" ind1=" " ind2=" ">
    <subfield code="a">PLAN DE ACCION</subfield>
    <subfield code="9">1075</subfield>
  </datafield>
  <datafield tag="650" ind1=" " ind2="0">
    <subfield code="a">IGUALDAD DE REMUNERACION</subfield>
    <subfield code="9">402</subfield>
  </datafield>
  <datafield tag="650" ind1=" " ind2="0">
    <subfield code="a">VIOLENCIA</subfield>
    <subfield code="9">2442</subfield>
  </datafield>
  <datafield tag="650" ind1=" " ind2="0">
    <subfield code="a">DERECHOS DE LA MUJER</subfield>
    <subfield code="9">392</subfield>
  </datafield>
  <datafield tag="650" ind1=" " ind2="0">
    <subfield code="a">NEGOCIACION COLECTIVA</subfield>
    <subfield code="9">74</subfield>
  </datafield>
  <datafield tag="650" ind1=" " ind2=" ">
    <subfield code="a">LEGISLACION</subfield>
    <subfield code="9">111</subfield>
  </datafield>
  <datafield tag="650" ind1=" " ind2="0">
    <subfield code="a">ESPA&#xD1;A</subfield>
    <subfield code="9">9</subfield>
  </datafield>
  <datafield tag="710" ind1="1" ind2=" ">
    <subfield code="a">ESPA&#xD1;A</subfield>
    <subfield code="t">Ley Org&#xE1;nica de Medidas de Protecci&#xF3;n Integral contra la Violencia de G&#xE9;nero</subfield>
    <subfield code="d">2004</subfield>
    <subfield code="9">38663</subfield>
  </datafield>
  <datafield tag="710" ind1=" " ind2=" ">
    <subfield code="a">ESPA&#xD1;A</subfield>
    <subfield code="t">Ley Org&#xE1;nica para la igualdad efectiva de mujeres y hombres</subfield>
    <subfield code="d">2007</subfield>
    <subfield code="9">15975</subfield>
  </datafield>
  <datafield tag="942" ind1=" " ind2=" ">
    <subfield code="c">MONOGRAFIA</subfield>
    <subfield code="2">ddc</subfield>
  </datafield>
  <datafield tag="999" ind1=" " ind2=" ">
    <subfield code="c">58908</subfield>
    <subfield code="d">58908</subfield>
  </datafield>
  <datafield tag="952" ind1=" " ind2=" ">
    <subfield code="0">0</subfield>
    <subfield code="1">0</subfield>
    <subfield code="2">ddc</subfield>
    <subfield code="4">0</subfield>
    <subfield code="7">0</subfield>
    <subfield code="a">CENDO</subfield>
    <subfield code="b">CENDO</subfield>
    <subfield code="d">2024-02-05</subfield>
    <subfield code="i">067483</subfield>
    <subfield code="l">0</subfield>
    <subfield code="o">CD-17870</subfield>
    <subfield code="p">2024-0177</subfield>
    <subfield code="r">2024-02-05 00:00:00</subfield>
    <subfield code="w">2024-02-05</subfield>
    <subfield code="y">MONOGRAFIA</subfield>
  </datafield>
</record>
